00901nam a22002417a 450000500170000000800410001702000150005804000090007304100080008208200220009010000290011224500330014126000400017430000310021436500240024552002650026965000230053465000150055765000280057270000170060070000200061770000220063720220409100048.0220407b ||||| |||| 00| 0 eng d a817027190x cAloy aeng 223a330.954bLALE aK B Lall Ed and others  aEuropean community and SAARC aNew DelhibRadiant Publishersc1993 axxvi,112 p.bHBc22x14 cm. b150.00c₹d150.00 aRevised version of papers contributed to a seminar on "European Union in 1992: its Significance for India and South Asia" organized by the West European Division of the School of International Studies, Jawaharlal Nehru University, New Delhi, in September 1990. aGlobal Development aSouth Asia aIndo-Pakistan Relations aLAL (K B) Ed aCHOPRA (H S) Ed aMEYER (Thomas) Ed